000 00308nam a22001337a 4500
003 SGT
082 _a617.525
_bB13K
100 _aKATARIA, YASHPAL.
245 _aBILATERAL SAGOTTAL SPLIT OSTEOTOMY
260 _aDELHI NCR
_bSGTU GURUGRAM
_c2013
300 _a129
650 _aORAL SURGERY
942 _2ddc
_cTH
999 _c18016
_d18016